| 000 | 00501nam a2200181 a 4500 | ||
|---|---|---|---|
| 005 | 20240925065134.0 | ||
| 008 | 991125n197 [s. 000 0 spa u | ||
| 035 | _aUPN01000049688 | ||
| 049 | _aF | ||
| 050 | 4 |
_aHM251 P781 _bP781 |
|
| 245 | 0 | 3 |
_aLa psicología social : _buna utopía en crisis / _cPierre Bruno ... [et al.]. |
| 260 |
_a[S.l. : _bs.n., _c197-]: |
||
| 300 | _a34 h. | ||
| 500 | _aFotocopia | ||
| 650 | 4 |
_aPsicología social _95889 |
|
| 700 | 1 |
_aBruno, Pierre, _ecoaut. |
|
| 905 | _aLibro | ||
| 999 |
_c49688 _d49688 |
||